| 000 | 01791nam a2200205 a 4500 | ||
|---|---|---|---|
| 008 | 161215t2006 uy ||||g |||| 00| f spa d | ||
| 020 | _a9974793181 | ||
| 041 | _aspa | ||
| 092 |
_c863 _l32 _sHAI |
||
| 100 | 1 |
_aHain, Martín _93316 |
|
| 245 | 3 |
_aLa Limpieza / _cMartín Hain |
|
| 250 | _a1a ed. | ||
| 260 |
_aBuenos Aires: _bBajo La Luna; _c2016. |
||
| 300 |
_a136 p. _b20x13 cm |
||
| 500 | _aHain, M. (2016). La limpieza. (1a ed.). Buenos Aires : Bajo La Luna. | ||
| 505 | _aPara los protagonistas de esta novela -un matrimonio longevo sin hijos- la organización de tiempo es una condición estructural del día a día. Hace rato que Beto, el marido, tiene problemas con la memoria, sin embargo, la programación de la vida en torno a los quehaceres domésticos y a los momentos de ocio activo -como ver por enésima vez viejas películas o leer y comentar las noticias del diario- le han permitido a Juli, su esposa, plantearle desafíos para mantener destellos de atención y actividad. Hasta que, una mañana, un extraño suceso viene a alterar la rutinaria cadencia de sus días trayendo del pasado un inesperado estimulo para la pareja. ¿Quién es el hombre a quien Beto decide socorrer y dar asilo, rompiendo la armonía que Juli tanto se esfuerza en mantener? La pureza del estilo y la escritura despojada encuentran en estas situaciones y personajes terreno fértil para desplegar una historia próxima, de sencillo realismo y agudo detalle suburbano. La limpieza -primera novela de Martín Hain- recibió el Primer Premio del Fondo Nacional de las Artes de parte de un jurado formado por Claudia Piñeiro, Luis Guzmán y Anibal Jarkowski. | ||
| 590 | _aProyecto 4to libro. Donación Fondo nacional de las Artes, Noviembre 2017 | ||
| 655 |
_aNovela _93091 |
||
| 942 |
_2ddc _cLIT |
||
| 999 |
_c2498 _d2498 |
||